Třetí vydání

Korporativní autor: Devítka (hudební skupina)
Další autoři: Brož, Jan, 1969-
Jazyk: Čeština
Vydáno: Praha : Good Day, p2001
Témata:
Fyzický popis: 1 zvuková deska (54:07) : digital ; 12 cm + 1 brožura [14 s.]
Zvukové nahrávky
Uloženo v:
LEADER 01590njm a2200361 a 4500
001 000772064
003 CZ BrMZK
005 20050614091836.0
007 sd fsngnnmmned
008 050426s2001 xr pp g d cze d
028 0 1 |a GD 020-2  |b Good Day 
040 |a ABA001  |b cze  |d BOA001 
045 |a y0y0 
080 |a 784.4  |2 MRF 
080 |a (086.76)  |2 MRF 
110 2 |a Devítka (hudební skupina)  |7 mzk2003190841 
245 1 0 |a Třetí vydání  |h [zvukový záznam] /  |c [hudba, texty Jan Brož] 
260 |a Praha :  |b Good Day,  |c p2001 
300 |a 1 zvuková deska (54:07) :  |b digital ;  |c 12 cm +  |e 1 brožura [14 s.] 
306 |a 005407 
500 |a Kompaktní deska (DDD) 
500 |a Texty písní v brožuře 
505 0 0 |t Sklenka šampaňského z Telče --  |t Normálně stárnu --  |t Píseň o naději --  |t Třetí vydání --  |t Boží pláč --  |t Ten déšť už nedohoním --  |t Poutníci --  |t Tanečnice --  |t Hezčí ráj --  |t Anděl zapomnění --  |t Královno věř mi --  |t Kino --  |t Moc blízko jsi stál --  |t Poslední Mohykán --  |t 6.11. 1999 
508 |a Producent Jan Brož 
511 1 |a Hudební skupina Devítka (Jan Brož, Jindřiška Petráková, Tomáš Hofrichter, David Hofrichter) a hosté 
518 |a Nahráno ve studiu Good Day Records v r. 1999-2001 
650 0 7 |a folk  |7 ph119202  |2 czenas 
655 7 |a kompaktní desky  |7 fd201991  |2 czenas 
700 1 |a Brož, Jan,  |d 1969-  |7 jx20050117006  |4 cmp  |4 lyr 
910 |a BOA001  |b CD-0012.297 
990 |a AV 
991 |b 200506 
996 6 |b 261H013493  |c CD-0012.297  |l MZK  |r Sklad / do 24 hodin  |n 0  |w 000772064  |u 000010  |a 1  |e BOA001  |j MZK50  |s P